000 00694nam a2200205 i 4500
001 97300
003 ES-MaACL
005 20251002203414.0
007 t|
008 050708s1950 cu ||||1| spa d
100 1 _aMarbán, Edilberto.
_976337
245 1 0 _aDon Emilio Blanchet
_b: educador, historiógrafo y moralista /
_ctrabajo... Dr. Edilberto Marbán y Escobar.
260 _aLa Habana :
_bEl Siglo XX,
_c1950.
300 _a77 p. ;
_c25 cm.
500 _aPrecede al tít.: Academia de la Historia de Cuba.
600 1 4 _aBlanchet, Emilio,
_d1829-1915
_929156
710 2 _aAcademia de la Historia de Cuba.
_91183
852 _aES-MaACL
_j1913-F-4
_bR.29702
999 _c97300
_d97300